[Event "IBCA-ol blind 13th"]
[Site "Heraklion"]
[Date "2008.10.22"]
[Round "4.1"]
[White "Dukaczewski, Piotr"]
[Black "Kocovski, Ivan"]
[Result "1-0"]
[WhiteElo "2338"]
[BlackElo "2266"]
[PlyCount "71"]
[EventDate "2008.10.19"]
[EventType "team-swiss"]
[EventRounds "9"]
[EventCountry "GRE"]
[SourceTitle "EXT 2010"]
[Source "ChessBase"]
[SourceDate "2010.11.25"]
[SourceVersion "1"]
[SourceVersionDate "2010.11.25"]
[SourceQuality "1"]
[WhiteTeam "Poland (blind)"]
[BlackTeam "Macedonia (blind)"]
[WhiteTeamCountry "POL"]
[BlackTeamCountry "MKD"]

1. e4 c5 2. Nf3 Nc6 3. d4 cxd4 4. Nxd4 Qb6 5. Nb3 Nf6 6. Nc3 e6 7. Be3 Qc7 8. f4 d6 9. Qf3 a6 10. g4 b5 11. g5 Nd7 12. 0-0-0 Bb7 13. h4 Rc8 14. Bd3 Nb4 15. Kb1 d5 16. Rc1 Nc5 17. f5 Nxb3 18. axb3 e5 19. Na2 Nxa2 20. Kxa2 Qa5+ 21. Kb1 d4 22. Bf2 Bb4 23. f6 g6 24. Qg3 Qc7 25. h5 Bd2 26. hxg6 fxg6 27. Rcf1 Kd7 28. Qg4+ Kc6 29. Bg3 Rcf8 30. Rh6 Bc8 31. Qh4 Rf7 32. Rxg6 hxg6 33. Qxh8 Bxg5 34. Qe8+ Qd7 35. Qxe5 Be3 36. b4 1-0

[Event "FRM-chT"]
[Site "Struga"]
[Date "2005.09.03"]
[Round "6"]
[White "Kocovski, Ivan"]
[Black "Dinev, Dejan"]
[Result "0-1"]
[WhiteElo "2246"]
[BlackElo "2269"]
[PlyCount "112"]
[EventDate "2005.08.29"]
[EventType "team"]
[EventRounds "7"]
[EventCountry "MKD"]
[SourceTitle "CBM 108 Extra"]
[Source "ChessBase"]
[SourceDate "2005.11.04"]
[SourceVersion "1"]
[SourceVersionDate "2005.11.04"]
[SourceQuality "1"]

1. Nf3 e6 2. c4 c5 3. g3 Nf6 4. Bg2 Be7 5. 0-0 0-0 6. Nc3 d5 7. cxd5 exd5 8. d4 Nc6 9. b3 Ne4 10. Bb2 Bf6 11. Na4 b5 12. Nxc5 Nxc5 13. Rc1 Nxb3 14. axb3 Bb7 15. Ne5 Rc8 16. Nd3 Rc7 17. Rc5 Nxd4 18. Rxc7 Qxc7 19. e3 Ne6 20. Bxf6 gxf6 21. Qg4+ Kh8 22. Qf5 Qe7 23. b4 Rd8 24. Rd1 Bc8 25. Qh5 d4 26. Qxb5 dxe3 27. fxe3 Nc7 28. Qc5 Qxc5 29. bxc5 Bg4 30. Rd2 a5 31. Bf1 Bf5 32. c6 Rd6 33. Kf2 Kg7 34. Kf3 Bxd3 35. Rxd3 Rxc6 36. h4 Rc5 37. Bh3 Nd5 38. Rd4 Ne7 39. Rd8 Nc6 40. Ra8 Rc4 41. Bf5 h5 42. Ke2 Rc5 43. Rc8 a4 44. Bd7 Nd4+ 45. exd4 Rxc8 46. Bxa4 Rc4 47. Bb5 Rxd4 48. Kf3 f5 49. Bc6 Kf6 50. Be8 Rd8 51. Bb5 Ke5 52. Be2 Rc8 53. Ke3 Rc3+ 54. Kf2 Rc2 55. Ke3 Rxe2+ 56. Kxe2 f4 0-1

[Event "Boskovic Memorial"]
[Site "Bijelo Polje"]
[Date "2004.09.23"]
[Round "6"]
[White "Kocovski, Ivan"]
[Black "Manolache, Marius"]
[Result "0-1"]
[WhiteElo "2250"]
[BlackElo "2441"]
[PlyCount "71"]
[EventDate "2004.09.20"]
[EventType "swiss"]
[EventRounds "9"]
[EventCountry "YUG"]
[SourceTitle "EXT 2019"]
[Source "ChessBase"]
[SourceDate "2018.10.10"]
[SourceVersion "1"]
[SourceVersionDate "2018.10.10"]
[SourceQuality "1"]

1. d4 Nf6 2. c4 c5 3. d5 g6 4. Nc3 Bg7 5. e4 0-0 6. Bd3 d6 7. h3 a6 8. Nf3 e6 9. a4 b6 10. 0-0 Ra7 11. Bg5 h6 12. Be3 e5 13. Ne2 Nh7 14. b4 a5 15. bxc5 bxc5 16. Rb1 Na6 17. g4 h5 18. Nh2 hxg4 19. hxg4 Qh4 20. Ng3 Nb4 21. Be2 Ng5 22. Bxg5 Qxg5 23. Rb3 Bd7 24. Ra3 Bh6 25. Bf3 Rb7 26. Bg2 Na6 27. Nf5 Rfb8 28. Nxd6 Rb2 29. Nb5 Nb4 30. Rc3 Qf4 31. Rf3 Qd2 32. Qxd2 Bxd2 33. Rf6 Bf4 34. Rd6 Rb7 35. Bf3 Bg5 36. Kg2 0-1

[Event "Boskovic Memorial"]
[Site "Bijelo Polje"]
[Date "2004.09.21"]
[Round "3"]
[White "Blagojevic, Dragisa"]
[Black "Kocovski, Ivan"]
[Result "1/2-1/2"]
[WhiteElo "2536"]
[BlackElo "2250"]
[PlyCount "47"]
[EventDate "2004.09.20"]
[EventType "swiss"]
[EventRounds "9"]
[EventCountry "YUG"]
[SourceTitle "EXT 2019"]
[Source "ChessBase"]
[SourceDate "2018.10.10"]
[SourceVersion "1"]
[SourceVersionDate "2018.10.10"]
[SourceQuality "1"]

1. d4 Nf6 2. c4 g6 3. Nf3 Bg7 4. g3 c5 5. Bg2 cxd4 6. Nxd4 0-0 7. 0-0 Nc6 8. Nc3 Ng4 9. e3 Nxd4 10. exd4 d6 11. b3 Nh6 12. Bb2 Nf5 13. Nd5 Rb8 14. a4 Bd7 15. b4 e6 16. Ne3 Nxe3 17. fxe3 d5 18. c5 b6 19. Qc2 Qg5 20. c6 Qxe3+ 21. Kh1 Bxc6 22. Rae1 Bxa4 23. Qxa4 Qd2 24. Bc1 1/2-1/2

[Event "Leposavic"]
[Site "Leposavic"]
[Date "2003.06.19"]
[Round "9"]
[White "Radulski, Julian"]
[Black "Kocovski, Ivan"]
[Result "1-0"]
[WhiteElo "2493"]
[BlackElo "2271"]
[PlyCount "95"]
[EventDate "2003.06.14"]
[EventType "tourn"]
[EventRounds "9"]
[EventCountry "YUG"]
[EventCategory "8"]
[SourceTitle "EXT 2004"]
[Source "ChessBase"]
[SourceDate "2003.11.25"]
[SourceVersion "1"]
[SourceVersionDate "2003.11.25"]
[SourceQuality "1"]

1. e4 d5 2. exd5 Qxd5 3. Nc3 Qd8 4. d4 Nf6 5. Nf3 c6 6. Bc4 Bf5 7. Ne5 e6 8. g4 Bg6 9. h4 Bb4 10. f3 Nd5 11. Bd2 Nb6 12. Bb3 Qxd4 13. Nxg6 hxg6 14. Qe2 Be7 15. 0-0-0 N8d7 16. Ne4 Qe5 17. f4 Qc7 18. f5 gxf5 19. gxf5 0-0-0 20. fxe6 fxe6 21. Bxe6 Kb8 22. Rdg1 Nc5 23. Nxc5 Bxc5 24. Rf1 Rhe8 25. Bf4 Bd6 26. Bg5 Be7 27. Qg4 Nd5 28. Rf7 Qe5 29. Bxe7 Rxe7 30. Rxe7 Nxe7 31. Rg1 Rd6 32. Bf7 Rf6 33. Be8 Qe3+ 34. Kb1 Nd5 35. Bg6 Rf4 36. Qg5 Qe7 37. a3 Rxh4 38. Qg3+ Nc7 39. Re1 Rg4 40. Qxc7+ Qxc7 41. Re8+ Qd8 42. Rxd8+ Kc7 43. Rd7+ Kxd7 44. Bf5+ Kd6 45. Bxg4 g5 46. Kc1 Ke5 47. Kd2 Kf4 48. Bc8 1-0

[Event "Leposavic"]
[Site "Leposavic"]
[Date "2003.06.16"]
[Round "4"]
[White "Savicevic, Vlatko"]
[Black "Kocovski, Ivan"]
[Result "1/2-1/2"]
[WhiteElo "2387"]
[BlackElo "2271"]
[PlyCount "55"]
[EventDate "2003.06.14"]
[EventType "tourn"]
[EventRounds "9"]
[EventCountry "YUG"]
[EventCategory "8"]
[SourceTitle "EXT 2004"]
[Source "ChessBase"]
[SourceDate "2003.11.25"]
[SourceVersion "1"]
[SourceVersionDate "2003.11.25"]
[SourceQuality "1"]

1. e4 d5 2. exd5 Qxd5 3. Nc3 Qd8 4. d4 Nf6 5. Bc4 c6 6. Bf4 Bf5 7. Nf3 e6 8. 0-0 Be7 9. h3 Nbd7 10. Qe2 Nb6 11. Bb3 Nfd5 12. Bd2 Nxc3 13. Bxc3 h5 14. Ne5 h4 15. Rfe1 0-0 16. a3 Rc8 17. Rad1 Nd5 18. Bd2 b5 19. c3 Qc7 20. Qh5 Rcd8 21. Bc1 c5 22. dxc5 Nf6 23. Qe2 Ne4 24. Nf3 Nxc5 25. Bc2 Bxc2 26. Qxc2 Rxd1 27. Rxd1 Rd8 28. Be3 1/2-1/2

[Event "Leposavic"]
[Site "Leposavic"]
[Date "2003.06.15"]
[Round "2"]
[White "Abramovic, Bosko"]
[Black "Kocovski, Ivan"]
[Result "1-0"]
[WhiteElo "2488"]
[BlackElo "2271"]
[PlyCount "75"]
[EventDate "2003.06.14"]
[EventType "tourn"]
[EventRounds "9"]
[EventCountry "YUG"]
[EventCategory "8"]
[SourceTitle "EXT 2004"]
[Source "ChessBase"]
[SourceDate "2003.11.25"]
[SourceVersion "1"]
[SourceVersionDate "2003.11.25"]
[SourceQuality "1"]

1. d4 Nf6 2. c4 c5 3. d5 b5 4. cxb5 a6 5. bxa6 Bxa6 6. Nc3 d6 7. g3 g6 8. Bg2 Bg7 9. Nf3 Nbd7 10. Rb1 0-0 11. 0-0 Nb6 12. b3 Bb7 13. e4 Nfd7 14. Qc2 Ba6 15. Rd1 Qc7 16. Bb2 Rfb8 17. a4 Ne5 18. Nxe5 Bxe5 19. f4 Bg7 20. h3 Nd7 21. Kh2 c4 22. bxc4 Qxc4 23. Ba1 Rxb1 24. Rxb1 Nc5 25. Bf1 Qd4 26. Nb5 Qe3 27. Bxg7 Kxg7 28. Rb4 Bxb5 29. Bxb5 f5 30. exf5 gxf5 31. Rb2 Kf6 32. Qe2 Qc3 33. Rc2 Qd4 34. Qh5 Ne4 35. Qh6+ Kf7 36. Qxh7+ Kf6 37. Qh6+ Kf7 38. Qe6+ 1-0

[Event "Leposavic"]
[Site "Leposavic"]
[Date "2003.06.14"]
[Round "1"]
[White "Kocovski, Ivan"]
[Black "Popchev, Milko"]
[Result "0-1"]
[WhiteElo "2271"]
[BlackElo "2450"]
[PlyCount "84"]
[EventDate "2003.06.14"]
[EventType "tourn"]
[EventRounds "9"]
[EventCountry "YUG"]
[EventCategory "8"]
[SourceTitle "EXT 2004"]
[Source "ChessBase"]
[SourceDate "2003.11.25"]
[SourceVersion "1"]
[SourceVersionDate "2003.11.25"]
[SourceQuality "1"]

1. d4 d5 2. c4 c6 3. e3 e6 4. Nf3 Bd6 5. Bd3 f5 6. 0-0 Nf6 7. Nbd2 0-0 8. b3 Nbd7 9. Bb2 Ne4 10. Ne5 Qe7 11. f3 Nxd2 12. Qxd2 Nxe5 13. dxe5 Bc5 14. Kh1 Bd7 15. Rad1 Rad8 16. cxd5 cxd5 17. Qe2 Rc8 18. f4 Rc7 19. g4 g6 20. gxf5 gxf5 21. Rg1+ Kh8 22. Rg5 d4 23. exd4 Bc6+ 24. Kg1 Bb6 25. Kf2 Rd7 26. Bb5 Rfd8 27. Bxc6 bxc6 28. Qc4 c5 29. Rdg1 cxd4 30. Qd3 Rc7 31. Ke2 Qf7 32. Rc1 Rxc1 33. Bxc1 h6 34. Qh3 d3+ 35. Kd1 Kh7 36. Rg3 Qc7 37. Rxd3 Qc3 38. Ke2 Qxc1 39. Rxd8 Bxd8 40. Qd3 Qc7 41. b4 Be7 42. a3 Kg6 0-1

[Event "EU-Cup 17th"]
[Site "Panormo"]
[Date "2001.09.29"]
[Round "7.6"]
[White "Plumanns, Dieter"]
[Black "Kocovski, Ivan"]
[Result "1/2-1/2"]
[WhiteElo "2199"]
[BlackElo "2346"]
[PlyCount "21"]
[EventDate "2001.09.22"]
[EventType "team-swiss"]
[EventRounds "7"]
[EventCountry "GRE"]
[SourceTitle "CBM 084 Extra"]
[Source "ChessBase"]
[SourceDate "2001.10.26"]
[SourceVersion "1"]
[SourceVersionDate "2001.10.26"]
[SourceQuality "1"]
[WhiteTeam "Eupen Rochade"]
[BlackTeam "Skopje Kisela Voda"]
[WhiteTeamCountry "BEL"]
[BlackTeamCountry "MKD"]

1. d4 d5 2. Nf3 Nf6 3. e3 Bg4 4. h3 Bxf3 5. Qxf3 c6 6. Bd3 Nbd7 7. Qg3 g6 8. f4 Bg7 9. Nd2 0-0 10. 0-0 Nb6 11. b3 1/2-1/2

[Event "EU-Cup 17th"]
[Site "Panormo"]
[Date "2001.09.24"]
[Round "2.6"]
[White "Kocovski, Ivan"]
[Black "Bezler, Rainer"]
[Result "1-0"]
[WhiteElo "2346"]
[BlackElo "2278"]
[PlyCount "45"]
[EventDate "2001.09.22"]
[EventType "team-swiss"]
[EventRounds "7"]
[EventCountry "GRE"]
[SourceTitle "CBM 084 Extra"]
[Source "ChessBase"]
[SourceDate "2001.10.26"]
[SourceVersion "1"]
[SourceVersionDate "2001.10.26"]
[SourceQuality "1"]
[WhiteTeam "Skopje Kisela Voda"]
[BlackTeam "Minsk Vesnianka"]
[WhiteTeamCountry "MKD"]
[BlackTeamCountry "BLR"]

1. d4 d5 2. c4 e6 3. Nc3 Nf6 4. cxd5 exd5 5. Bg5 Be7 6. Qc2 c6 7. e3 Be6 8. Bd3 Nbd7 9. Nf3 0-0 10. 0-0 g6 11. Rae1 Re8 12. h3 Qa5 13. a3 Bf8 14. b4 Qc7 15. Bf4 Qd8 16. Na4 Ne4 17. Nc5 Nexc5 18. bxc5 b6 19. cxb6 Nxb6 20. Ne5 Rc8 21. Ba6 Nc4 22. Bxc8 Qxc8 23. Nxc4 1-0

[Event "EU-ch 2nd"]
[Site "Ohrid"]
[Date "2001.06.11"]
[Round "10"]
[White "Rossi, Carlo"]
[Black "Kocovski, Ivan"]
[Result "0-1"]
[WhiteElo "2418"]
[BlackElo "2324"]
[PlyCount "62"]
[EventDate "2001.06.01"]
[EventType "swiss"]
[EventRounds "13"]
[EventCountry "YUG"]
[SourceTitle "CBM 084"]
[Source "ChessBase"]
[SourceDate "2001.09.13"]
[SourceVersion "1"]
[SourceVersionDate "2001.09.13"]
[SourceQuality "1"]

1. Nf3 Nf6 2. g3 g6 3. Bg2 Bg7 4. Nc3 d5 5. d3 0-0 6. Bd2 c6 7. 0-0 Nbd7 8. e4 dxe4 9. dxe4 e5 10. Qe2 Qc7 11. b4 Re8 12. Na4 b5 13. Nb2 Nb6 14. a4 Be6 15. Bc3 Nc4 16. Nd3 Bg4 17. h3 Nxe4 18. Qxe4 f5 19. Qxc6 Qxc6 20. Nfxe5 Qc7 21. Bd5+ Kf8 22. Bxa8 Nxe5 23. Nc5 Nf3+ 24. Kg2 Bxc3 25. hxg4 fxg4 26. Rad1 Bd4 27. Rxd4 Nxd4 28. Bd5 Qd6 29. Bb7 Nxc2 30. axb5 Nxb4 31. Rc1 Nd3 0-1

[Event "EU-ch 2nd"]
[Site "Ohrid"]
[Date "2001.06.10"]
[Round "9"]
[White "Kocovski, Ivan"]
[Black "Abbasov, Farid"]
[Result "1/2-1/2"]
[WhiteElo "2324"]
[BlackElo "2439"]
[PlyCount "94"]
[EventDate "2001.06.01"]
[EventType "swiss"]
[EventRounds "13"]
[EventCountry "YUG"]
[SourceTitle "CBM 084"]
[Source "ChessBase"]
[SourceDate "2001.09.13"]
[SourceVersion "1"]
[SourceVersionDate "2001.09.13"]
[SourceQuality "1"]

1. d4 Nf6 2. c4 g6 3. Nc3 Bg7 4. e4 d6 5. Nf3 0-0 6. Be2 e5 7. Be3 Ng4 8. Bg5 f6 9. Bh4 g5 10. Bg3 Nh6 11. h3 Nc6 12. d5 Nd4 13. Nxd4 exd4 14. Qxd4 f5 15. Qd2 f4 16. Bh2 Nf7 17. f3 c5 18. dxc6 bxc6 19. h4 h6 20. hxg5 hxg5 21. Bg1 Rb8 22. b3 Qf6 23. Rc1 Rb7 24. c5 Rd8 25. Bc4 Be6 26. Bd4 Ne5 27. Bxe5 Qxe5 28. Bxe6+ Qxe6 29. Na4 d5 30. Kf1 Rbd7 31. e5 Qxe5 32. Re1 Qf5 33. Nb2 Bf6 34. Qd3 Qxd3+ 35. Nxd3 Kg7 36. g3 fxg3 37. Kg2 Re7 38. Rxe7+ Bxe7 39. Re1 Kf6 40. Kxg3 a5 41. a3 Rh8 42. Ne5 Bd8 43. Ng4+ Kf7 44. Ne5+ Kf6 45. Nd7+ Kf7 46. Ne5+ Kf6 47. Nd7+ Kf7 1/2-1/2

[Event "EU-ch 2nd"]
[Site "Ohrid"]
[Date "2001.06.02"]
[Round "2"]
[White "Sargissian, Gabriel"]
[Black "Kocovski, Ivan"]
[Result "1-0"]
[WhiteElo "2517"]
[BlackElo "2324"]
[PlyCount "131"]
[EventDate "2001.06.01"]
[EventType "swiss"]
[EventRounds "13"]
[EventCountry "YUG"]
[SourceTitle "CBM 084"]
[Source "ChessBase"]
[SourceDate "2001.09.13"]
[SourceVersion "1"]
[SourceVersionDate "2001.09.13"]
[SourceQuality "1"]

1. Nf3 Nf6 2. c4 b6 3. g3 c5 4. Bg2 Bb7 5. 0-0 g6 6. Nc3 Bg7 7. e3 0-0 8. d4 Ne4 9. Bd2 d6 10. d5 Nxd2 11. Nxd2 Na6 12. h4 Nc7 13. a4 a6 14. Qc2 Bc8 15. Rab1 b5 16. b3 Bd7 17. h5 Rb8 18. hxg6 hxg6 19. Be4 Ne8 20. cxb5 axb5 21. Nxb5 Bxb5 22. axb5 Rxb5 23. Kg2 Qa8 24. Rh1 Rb4 25. Nc4 Nc7 26. Bf3 Nxd5 27. Rbd1 e6 28. Nxd6 Qb8 29. Qxc5 Nc3 30. Rd4 Rxd4 31. exd4 Qxb3 32. Nc8 Bf6 33. Ne7+ Kg7 34. d5 exd5 35. Qe3 Bxe7 36. Qxe7 Qb8 37. Qh4 Ne4 38. Qh6+ Kf6 39. Rh4 Qb4 40. Rf4+ Ke5 41. Qg7+ f6 42. Qxg6 f5 43. Bg4 fxg4 44. Qg7+ Rf6 45. Qxf6+ Nxf6 46. Rxb4 d4 47. Kf1 Ke4 48. Ke2 Nd7 49. Rb7 Ne5 50. Re7 Kd5 51. Re8 Ke4 52. Rf8 Kd5 53. Rf4 Kc4 54. Kd2 Kd5 55. Kd1 Kc4 56. Kc2 Kc5 57. f3 gxf3 58. g4 Kd5 59. g5 Ke6 60. Kd2 Ke7 61. Re4 Kd6 62. Rxd4+ Ke6 63. Rf4 f2 64. Rxf2 Nd7 65. g6 Nf6 66. g7 1-0

[Event "EU-ch 2nd"]
[Site "Ohrid"]
[Date "2001.06.01"]
[Round "1"]
[White "Kocovski, Ivan"]
[Black "Timoscenko, Gennadij A"]
[Result "0-1"]
[WhiteElo "2324"]
[BlackElo "2531"]
[PlyCount "136"]
[EventDate "2001.06.01"]
[EventType "swiss"]
[EventRounds "13"]
[EventCountry "YUG"]
[SourceTitle "CBM 084"]
[Source "ChessBase"]
[SourceDate "2001.09.13"]
[SourceVersion "1"]
[SourceVersionDate "2001.09.13"]
[SourceQuality "1"]

1. d4 Nf6 2. c4 e6 3. Nf3 b6 4. a3 Ba6 5. Qb3 d5 6. cxd5 exd5 7. Bg5 Be7 8. Nc3 c6 9. Bxf6 Bxf6 10. 0-0-0 0-0 11. e4 Bxf1 12. Rhxf1 dxe4 13. Nxe4 Nd7 14. Ne5 Bxe5 15. dxe5 Qe7 16. f4 Nc5 17. Qc4 Nxe4 18. Qxe4 c5 19. f5 Rfe8 20. Rfe1 Rad8 21. Rxd8 Rxd8 22. f6 gxf6 23. exf6 Qxf6 24. Re3 Qd6 25. Qg4+ Kf8 26. Rg3 Qd2+ 27. Kb1 Qd1+ 28. Qxd1 Rxd1+ 29. Kc2 Rd4 30. Kc3 Rh4 31. h3 Re4 32. Kd3 Rd4+ 33. Kc3 Rf4 34. b4 cxb4+ 35. axb4 Ke7 36. Rg8 Kd6 37. Ra8 Kc6 38. Rxa7 Kb5 39. Rb7 h5 40. g3 Rf3+ 41. Kc2 Rxg3 42. Rxf7 Ka4 43. h4 Rg4 44. Rh7 Rxh4 45. Kc3 Kb5 46. Rh6 Rc4+ 47. Kb3 Rxb4+ 48. Kc3 Rc4+ 49. Kb3 Rh4 50. Rf6 Rh3+ 51. Kb2 Ka5 52. Rf5+ b5 53. Rf4 Re3 54. Rh4 Re5 55. Kb3 Rc5 56. Rf4 Rd5 57. Rf8 Kb6 58. Kb4 Rd4+ 59. Kc3 Rd5 60. Kb4 Kc6 61. Rh8 Kd6 62. Kc3 Ke7 63. Rh6 Kf7 64. Ra6 Kg7 65. Ra1 Kh6 66. Ra8 h4 67. Rg8 Kh5 68. Rg1 h3 0-1

[Event "Skopje op"]
[Site "Skopje"]
[Date "1998.12.15"]
[Round "4"]
[White "Ljangov, Petar"]
[Black "Kocovski, Ivan"]
[Result "1/2-1/2"]
[WhiteElo "2255"]
[BlackElo "2290"]
[PlyCount "52"]
[EventDate "1998.12.??"]
[EventType "swiss"]
[EventRounds "9"]
[EventCountry "MKD"]
[SourceTitle "EXT 2000"]
[Source "ChessBase"]
[SourceDate "1999.11.16"]
[SourceVersion "1"]
[SourceVersionDate "1999.11.16"]
[SourceQuality "1"]

1. Nf3 Nf6 2. c4 c5 3. Nc3 b6 4. g3 Bb7 5. Bg2 e6 6. 0-0 Be7 7. Re1 0-0 8. e4 Nc6 9. d3 a6 10. h3 d6 11. Nh2 Qc7 12. f4 b5 13. Nf3 bxc4 14. dxc4 Rfd8 15. Qe2 Nd4 16. Qf2 d5 17. exd5 exd5 18. Nxd5 Nxd5 19. cxd5 Bxd5 20. Nxd4 cxd4 21. Bxd5 Rxd5 22. Qf3 Rad8 23. Qd3 Qb7 24. Bd2 Bf8 25. b3 h6 26. Rac1 Rc8 1/2-1/2

[Event "Skopje op"]
[Site "Skopje"]
[Date "1998.12.14"]
[Round "3"]
[White "Kocovski, Ivan"]
[Black "Nikolov, Sasho"]
[Result "1/2-1/2"]
[WhiteElo "2290"]
[BlackElo "2400"]
[PlyCount "95"]
[EventDate "1998.12.??"]
[EventType "swiss"]
[EventRounds "9"]
[EventCountry "MKD"]
[SourceTitle "EXT 2000"]
[Source "ChessBase"]
[SourceDate "1999.11.16"]
[SourceVersion "1"]
[SourceVersionDate "1999.11.16"]
[SourceQuality "1"]

1. d4 d6 2. e4 Nf6 3. Nc3 c6 4. f4 Qa5 5. Bd3 e5 6. Nf3 Nbd7 7. 0-0 Be7 8. Kh1 0-0 9. Be3 Re8 10. Qd2 Bf8 11. Rae1 Qc7 12. dxe5 dxe5 13. fxe5 Nxe5 14. Nxe5 Qxe5 15. Bf4 Qh5 16. e5 Nd7 17. Ne4 Nc5 18. Nd6 Re7 19. Bg5 Rc7 20. Bd8 Nxd3 21. cxd3 Rd7 22. Rf5 Qg6 23. Rg5 Qe6 24. Bf6 h6 25. Rg3 Kh7 26. Ne4 Rd4 27. Qe3 c5 28. Nxc5 Qd5 29. e6 gxf6 30. e7 Bf5 31. e8Q Rxe8 32. Qxe8 Bg7 33. Ne4 Bg6 34. Qe7 Qc6 35. Nc3 f5 36. Rf3 Rg4 37. Qe8 Qb6 38. Qe2 Rh4 39. Qf2 Qd8 40. Rf4 Rxf4 41. Qxf4 Qxd3 42. Rd1 Qa6 43. Qd6 Qc4 44. Qd5 Qb4 45. Rd2 Qf4 46. Ne2 Qf1+ 47. Ng1 Qc1 48. b3 1/2-1/2

[Event "La Coruna TH op"]
[Site "La Coruna"]
[Date "1995.??.??"]
[Round "4"]
[White "Minzer, Claudio Javier"]
[Black "Kocovski, Ivan"]
[Result "1/2-1/2"]
[WhiteElo "2390"]
[BlackElo "2300"]
[PlyCount "60"]
[EventDate "1995.07.??"]
[EventType "swiss"]
[EventRounds "9"]
[EventCountry "ESP"]
[SourceTitle "EXT 1997"]
[Source "ChessBase"]
[SourceDate "1996.11.15"]
[SourceVersion "1"]
[SourceVersionDate "1996.11.15"]
[SourceQuality "1"]

1. Nf3 c5 2. b3 Nf6 3. Bb2 e6 4. e3 b6 5. d4 Bb7 6. Bd3 Be7 7. 0-0 0-0 8. Nbd2 d6 9. Re1 Nbd7 10. c4 Qc7 11. Rc1 Rac8 12. Bb1 Qb8 13. e4 cxd4 14. Nxd4 Rfe8 15. f4 Bf8 16. f5 exf5 17. Nxf5 g6 18. Ne3 Ne5 19. Nd5 Nfd7 20. Nf3 Bg7 21. Nd4 a6 22. a4 Bxd5 23. exd5 a5 24. Bd3 Nc5 25. Bf1 Qb7 26. Rc3 Qd7 27. Rce3 Bh6 28. Rh3 Bg7 29. Rhe3 Bh6 30. Rh3 Bg7 1/2-1/2

[Event "Skopje"]
[Site "Skopje"]
[Date "1991.??.??"]
[Round "5"]
[White "Ivanovic, Bozidar"]
[Black "Kocovski, Ivan"]
[Result "1-0"]
[WhiteElo "2535"]
[BlackElo "2325"]
[PlyCount "71"]
[EventDate "1991.??.??"]
[EventType "tourn"]
[EventRounds "13"]
[EventCountry "MKD"]
[EventCategory "8"]
[SourceTitle "EXT 1997"]
[Source "ChessBase"]
[SourceDate "1996.11.15"]
[SourceVersion "1"]
[SourceVersionDate "1996.11.15"]
[SourceQuality "1"]

1. e4 c5 2. Nf3 Nc6 3. Bb5 d6 4. d4 cxd4 5. Nxd4 Bd7 6. Bxc6 bxc6 7. c4 e6 8. Nc3 Nf6 9. 0-0 Be7 10. Nf3 Qc7 11. Bg5 e5 12. Qd3 Be6 13. Rac1 Qb8 14. b3 0-0 15. Nh4 Rd8 16. Qf3 h6 17. Nf5 Bxf5 18. Bxf6 Bg4 19. Qxg4 Bxf6 20. Rcd1 Qb4 21. Rd3 Kf8 22. Rfd1 Qa5 23. h4 Qc7 24. g3 Ke7 25. R1d2 Ke8 26. Nd1 a5 27. Ne3 a4 28. Nf5 Kf8 29. Rxd6 Rxd6 30. Rxd6 axb3 31. axb3 Rd8 32. Qd1 Rxd6 33. Qxd6+ Qxd6 34. Nxd6 Ke7 35. Nf5+ Ke6 36. h5 1-0